000 00676cab a2200229 4500
001 ABS45951
008 090401t1992 xxu||||| |||| 00| 0 eng d
035 _a(Sirsi) u56036
041 _aeng
100 _aVan den Bos, J.
245 _aFar from the madding crowd
260 _c1992
350 _a0
490 _aEuroProperty
_vFebruary 1992, 42-45(4)
520 _aReview of commercial property in Lyon which is providing strong investment yields.
650 _aFRANCE
650 _aPROPERTY-COMMERCIAL PROPERTY-OFFICE PROPERTY-OFFICE PROPERTY MARKET
690 _aPROPERTY-COMMERCIAL PROPERTY
690 _aOVERSEAS-EUROPE
942 _n0
948 _c04/03/1997
999 _c34216
_d34216